Primer curso de "Estadística aplicada al sector vivienda y construcción" : (Registro nro. 163)
[ vista simple ]
| 000 -LEADER | |
|---|---|
| fixed length control field | 01281nam a2200241Ia 4500 |
| 003 - CONTROL NUMBER IDENTIFIER | |
| control field | PE SENCICO BE |
| 005 - DATE AND TIME OF LATEST TRANSACTION | |
| control field | 20251020182428.0 |
| 008 - FIXED-LENGTH DATA ELEMENTS--GENERAL INFORMATION | |
| fixed length control field | 200515s9999 xx 000 0 und d |
| 040 ## - CATALOGING SOURCE | |
| Original cataloging agency | PE SENCICO BE |
| Transcribing agency | PE SENCICO BE |
| 041 ## - LANGUAGE CODE | |
| Language code of text/sound track or separate title | spa |
| 082 ## - DEWEY DECIMAL CLASSIFICATION NUMBER | |
| Classification number | 519.53 |
| Item number | P |
| 245 10 - TITLE STATEMENT | |
| Title | Primer curso de "Estadística aplicada al sector vivienda y construcción" : |
| Remainder of title | 17 al 28 de noviembre de 1982 / |
| Statement of responsibility, etc. | Ministerio de Vivienda y Construcción |
| 260 ## - PUBLICATION, DISTRIBUTION, ETC. | |
| Place of publication, distribution, etc. | Lima : |
| Name of publisher, distributor, etc. | Ministerio de Vivienda y Construcción ; |
| Date of publication, distribution, etc. | 1980 |
| 300 ## - PHYSICAL DESCRIPTION | |
| Extent | p. irreg. : |
| Other physical details | tbl. ; |
| Dimensions | 29 cm. |
| 505 0# - FORMATTED CONTENTS NOTE | |
| Formatted contents note | Estadística elemental -- Números índices -- Normas para la preparación de cuadros estadísticos -- Elaboración de cuestionario y publicación de cuadros estadísticos -- Censos nacionales: VIII de población y III de vivienda -- Procesamiento electrónico de datos -- Esquema para el ordenamiento y publicación de datos estadístico en el S.E.N. del Perú -- Plan estadístico nacional 1980 - 1981 |
| 650 10 - SUBJECT ADDED ENTRY--TOPICAL TERM | |
| Topical term or geographic name entry element | Estadística |
| 9 (RLIN) | 1473 |
| 650 20 - SUBJECT ADDED ENTRY--TOPICAL TERM | |
| Topical term or geographic name entry element | Industria de la construcción |
| 9 (RLIN) | 417 |
| 700 1# - ADDED ENTRY--PERSONAL NAME | |
| 9 (RLIN) | 2364 |
| Personal name | Huamanchumo G., Humberto |
| 700 1# - ADDED ENTRY--PERSONAL NAME | |
| 9 (RLIN) | 2365 |
| Personal name | Quispe Ñ., Mario |
| 700 1# - ADDED ENTRY--PERSONAL NAME | |
| 9 (RLIN) | 2366 |
| Personal name | Baluarte V., Napoleón |
| 710 1# - ADDED ENTRY--CORPORATE NAME | |
| 9 (RLIN) | 1649 |
| Corporate name or jurisdiction name as entry element | Perú. Ministerio de Vivienda, Construcción y Saneamiento |
| 942 ## - ADDED ENTRY ELEMENTS (KOHA) | |
| Koha item type | Libros |
| Source of classification or shelving scheme | Dewey Decimal Classification |
| Fecha de la última vez que lo usaron | Número de ingreso o de inventario | Pago total | Signatura topográfica completa | Código de barras | Precio efectivo desde | Tipo de documento | Estado perdido | Sistema de clasificación | Estado dañado | No es para préstamo | Retirado | Ubicación permanente | Ubicación actual | Fecha de adquisición |
|---|---|---|---|---|---|---|---|---|---|---|---|---|---|---|
| 15/05/2020 | 3168 | 519.53/P | BibLima24060063 | 15/05/2020 | Libros | Dewey Decimal Classification | Biblioteca Central Lima | Biblioteca Central Lima | 15/05/2020 |